00444cam a2200181u 450000100060000000300080000600500170001400800390003103500190007004000330008904100080012208200160013010000190014624500230016526000380018830000220022665000140024820378BD-RjUL20211209000546.0140227s1955 nyu 000 0 eng a(BD-RjUL)20440 aDLCcCarPdDLCdBD-RjULbeng aeng a814.52bQUK1 aQuandt, Albert10aKey to happiness / aNew York :bArcadia House,c1955. a576 p. ;c20 cm. aHappiness